| 000 | 00652nam a2200205 i 4500 | ||
|---|---|---|---|
| 001 | 70935 | ||
| 003 | ES-MaACL | ||
| 005 | 20250712081855.0 | ||
| 007 | t| | ||
| 008 | 040804s1958 sp ||||1| spa d | ||
| 100 | 1 |
_aGarzón Ruizpérez, León. _955826 |
|
| 245 | 1 | 0 |
_aReacciones de superficie sólido-gas / _cLeón Garzón Ruipérez. |
| 260 |
_aSalamanca : _bUniversidad de Salamanca, _c1958 ( _fBermejo) |
||
| 300 |
_a94 p. : _bil. ; _c25 cm. |
||
| 490 | 1 | _aActa Salmanticensia | |
| 710 | 2 |
_aUniversidad de Salamanca. _97275 |
|
| 830 | 0 | 0 |
_aActa Salmanticensia _9181394 |
| 852 |
_aES-MaACL _jC-19196 _bR.44542 |
||
| 999 |
_c70935 _d70935 |
||